[Event "27th Capablanca Memorial"]
[Site "Matanzas City CUB"]
[Date "1992.??.??"]
[Round "5"]
[White "Nogueiras Santiago, Jesus"]
[Black "Amura, Claudia"]
[Result "1-0"]
[WhiteElo "2550"]
[BlackElo "2355"]
[EventDate "1992.05.??"]
[PlyCount "49"]

1.Nf3 Nf6 2.d4 d5 3.c4 e6 4.g3 Be7 5.Bg2 O-O 6.O-O dxc4 7.Nc3 Na6 8.Ne5 c5
9.dxc5 Nxc5 10.Nxc4 Qxd1 11.Rxd1 Bd7 12.Ne5 Rad8 13.Be3 Bc8 14.Nb5 a6 15.
Na7 Nce4 16.Rxd8 Rxd8 17.Rc1 Bd6 18.Bb6 Re8 19.Bd4 Bxe5 20.Bxe5 Bd7 21.f3 
Ra8 22.fxe4 Rxa7 23.Rc7 Bb5 24.Rc8+ Ne8 25.Bb8 1-0

[Event "27th Capablanca Memorial"]
[Site "Matanzas City CUB"]
[Date "1992.??.??"]
[Round "6"]
[White "Lima, Darcy"]
[Black "Gonzalez Bautista, Juan"]
[Result "1/2-1/2"]
[WhiteElo "2440"]
[BlackElo "2380"]
[EventDate "1992.05.??"]
[PlyCount "156"]

1.d4 Nf6 2.c4 e6 3.Nc3 Bb4 4.Qc2 O-O 5.a3 Bxc3+ 6.Qxc3 b6 7.Bg5 Bb7 8.e3 
d6 9.f3 Nbd7 10.Bd3 c5 11.Ne2 Rc8 12.Qd2 h6 13.Bh4 Re8 14.O-O Qe7 15.Rac1 
Nf8 16.e4 Ng6 17.Bf2 cxd4 18.Nxd4 Red8 19.Rfe1 Qc7 20.Bf1 Qb8 21.b4 Ba6 
22.a4 h5 23.Qg5 Ne5 24.Nb5 Bxb5 25.axb5 Ng6 26.c5 dxc5 27.bxc5 bxc5 28.
Rxc5 Rd7 29.Rxc8+ Qxc8 30.Ra1 Qc3 31.Qc1 Qxc1 32.Rxc1 Ne7 33.Bg3 Rb7 34.
Rc5 g6 35.Bd6 Ne8 36.Bf4 Nf6 37.Bg5 Kg7 38.Kf2 Nh7 39.Be3 Nf8 40.Bd4+ f6 
41.Rc1 Nd7 42.h4 e5 43.Be3 Nb6 44.g3 Nec8 45.Rc6 Ne7 46.Rd6 Nec8 47.Rd8 
Rd7 48.Rxd7+ Nxd7 49.Bh3 Ndb6 50.Bc5 Kf7 51.Ke2 g5 52.Kd3 gxh4 53.gxh4 Ne7
54.Bxe7 Kxe7 55.Bf5 Na4 56.Bg6 a6 57.bxa6 Nc5+ 58.Kc4 Nxa6 59.Bxh5 Nc7 60.
Bg4 Ne8 61.Kc5 Nd6 62.Bf5 Nf7 63.Kd5 Nh8 64.Bh7 Nf7 65.Bg8 Nh8 66.h5 Kf8 
67.Be6 Ke7 68.h6 Ng6 69.Bg4 Nf4+ 70.Kc6 Kf7 71.Bf5 Ne2 72.Kd7 Nd4 73.Bg4 
Kg6 74.Ke7 Nc6+ 75.Kd6 Nd4 76.Kd5 Kxh6 77.f4 Nb5 78.fxe5 fxe5 1/2-1/2

[Event "27th Capablanca Memorial"]
[Site "Matanzas City CUB"]
[Date "1992.??.??"]
[Round "6"]
[White "Diaz Diaz, Joaquin"]
[Black "Nogueiras Santiago, Jesus"]
[Result "1/2-1/2"]
[WhiteElo "2455"]
[BlackElo "2550"]
[EventDate "1992.05.??"]
[PlyCount "84"]

1.e4 Nf6 2.Nc3 d5 3.exd5 Nxd5 4.Bc4 Nb6 5.Bb3 Nc6 6.Nf3 Bf5 7.d4 e6 8.O-O 
Be7 9.Bf4 O-O 10.d5 exd5 11.Nxd5 Nxd5 12.Qxd5 Qc8 13.Nd4 Nxd4 14.Qxd4 Bf6 
15.Be5 c5 16.Qc3 Bxe5 17.Qxe5 Re8 18.Qc3 Qc6 19.Rfe1 b5 20.Re5 Rxe5 21.
Qxe5 Be4 22.a4 c4 23.Ba2 bxa4 24.Qc3 Bd5 25.Rd1 h6 26.f3 Be6 27.Kh1 Rb8 
28.h3 Qb5 29.Qe3 Qb6 30.Qe5 Rd8 31.Rxd8+ Qxd8 32.Kh2 Qd2 33.Bxc4 Bxc4 34.
Qe8+ Kh7 35.Qe4+ Kg8 36.Qxc4 Qd6+ 37.Kh1 a3 38.bxa3 Qxa3 39.Qc8+ Kh7 40.
Qf5+ Kg8 41.c4 g5 42.c5 Kf8 1/2-1/2

[Event "27th Capablanca Memorial"]
[Site "Matanzas City CUB"]
[Date "1992.??.??"]
[Round "6"]
[White "Sisniega Campbell, Marcel"]
[Black "Gonzalez Rodriguez, Jorge"]
[Result "1-0"]
[WhiteElo "2525"]
[BlackElo "2420"]
[EventDate "1992.05.??"]
[PlyCount "89"]

1.e4 e6 2.d4 d5 3.Nd2 Nf6 4.e5 Ng8 5.Bd3 b6 6.Ngf3 Qd7 7.b3 Ba6 8.c4 Ne7 
9.Qe2 dxc4 10.bxc4 Nbc6 11.Bb2 O-O-O 12.O-O Kb8 13.Rfd1 f5 14.a3 Rg8 15.
Nb3 g5 16.d5 exd5 17.e6 Qc8 18.cxd5 Bxd3 19.Rxd3 Rxd5 20.Rad1 Rxd3 21.Rxd3
Qa6 22.Nc5 bxc5 23.Rb3+ Qb6 24.Rxb6+ axb6 25.Qd2 Bg7 26.Bxg7 Rxg7 27.Nxg5 
Nd4 28.Kf1 Nec6 29.Nf7 Rg6 30.Nd8 Ne7 31.Qd1 Kc8 32.Qa4 Nxe6 33.Qe8 Nxd8 
34.Qxe7 c4 35.Qxh7 Rc6 36.Qxf5+ Ne6 37.Ke1 c3 38.Kd1 Kb8 39.Qe4 c2+ 40.Kc1
Kb7 41.h4 b5 42.h5 Nc5 43.Qd5 Kb6 44.Kxc2 Na4+ 45.Qxc6+ 1-0

[Event "27th Capablanca Memorial"]
[Site "Matanzas City CUB"]
[Date "1992.??.??"]
[Round "6"]
[White "Urday Caceres, Henry"]
[Black "Amura, Claudia"]
[Result "1/2-1/2"]
[WhiteElo "2480"]
[BlackElo "2355"]
[EventDate "1992.05.??"]
[PlyCount "157"]

1.c4 e6 2.Nf3 d5 3.b3 Nf6 4.g3 Be7 5.Bg2 O-O 6.O-O c5 7.Bb2 Nc6 8.e3 d4 9.
exd4 cxd4 10.Re1 Ne8 11.Na3 f6 12.d3 e5 13.Nc2 a5 14.a3 Ra6 15.Rb1 Nc7 16.
Nd2 Bf5 17.Ne4 Ne6 18.Bc1 Rb6 19.f4 Bg6 20.Bd2 f5 21.Nf2 e4 22.dxe4 fxe4 
23.Nxe4 Nc5 24.Nxc5 Bxc5 25.Kh1 Qd6 26.Bd5+ Kh8 27.Re6 Qxe6 28.Bxe6 Be4+ 
29.Kg1 Bxc2 30.Qh5 Bxa3 31.Re1 Rxb3 32.f5 Bb4 33.Bd7 Rb1 34.Rxb1 Bxb1 35.
Bxb4 axb4 36.Qd1 Bxf5 37.Qf1 Rf6 38.Bxf5 g6 39.g4 gxf5 40.gxf5 b6 41.Qf4 
Ne7 42.Qe5 Ng8 43.Qxd4 Kg7 44.Qd7+ Kf8 45.Qxh7 Ne7 46.Qh4 Kf7 47.Qh5+ Kg7 
48.Qg5+ Kf7 49.Qd2 Nxf5 50.Qxb4 Ne7 51.Kg2 Ng6 52.Kg3 Ne5 53.Qb5 Rg6+ 54.
Kh4 Re6 55.Kg5 Ke7 56.Kf5 Nf7 57.Qd5 Rf6+ 58.Kg4 Rg6+ 59.Kf3 Rf6+ 60.Kg2 
Rg6+ 61.Kh1 Kf8 62.h3 Ke7 63.Kh2 Kf8 64.h4 Ke7 65.Kh3 Kf8 66.h5 Rd6 67.
Qa8+ Ke7 68.Kg4 Rf6 69.Qb7+ Kf8 70.Qc8+ Kg7 71.Qc7 Kf8 72.Kh4 Kg7 73.Qe7 
Rf4+ 74.Kg3 Rf6 75.Kg4 Rh6 76.Qc7 Rf6 77.Kg3 Kf8 78.Kh4 Kg7 79.Kg4 1/2-1/2

[Event "27th Capablanca Memorial"]
[Site "Matanzas City CUB"]
[Date "1992.??.??"]
[Round "6"]
[White "Pupo, Emilio"]
[Black "Rivera, Alberto"]
[Result "1-0"]
[WhiteElo "2395"]
[BlackElo "2425"]
[EventDate "1992.05.??"]
[PlyCount "83"]

1.e4 e5 2.Nf3 Nc6 3.Bb5 a6 4.Ba4 Nf6 5.O-O Be7 6.Re1 b5 7.Bb3 d6 8.c3 O-O 
9.h3 h6 10.d4 Re8 11.Nbd2 Bf8 12.a4 Bb7 13.Bc2 exd4 14.cxd4 Nb4 15.Bb1 c5 
16.d5 Nd7 17.Ra3 f5 18.Nh2 Nf6 19.Rf3 Bc8 20.exf5 Rxe1+ 21.Qxe1 Nbxd5 22.
Ne4 Ra7 23.Ng4 Rf7 24.axb5 axb5 25.Qe2 Bb7 26.Rg3 Kh8 27.Ngxf6 Nxf6 28.
Nxf6 Qxf6 29.Qxb5 Qe5 30.Bd2 Be4 31.Re3 d5 32.Bxe4 dxe4 33.g4 Bd6 34.Bc3 
Qh2+ 35.Kf1 Bf8 36.Qe8 Kg8 37.Qxe4 Ra7 38.b3 Ra2 39.Be1 Rb2 40.f6 Qd6 41.
Bc3 Qd1+ 42.Re1 1-0

[Event "27th Capablanca Memorial"]
[Site "Matanzas City CUB"]
[Date "1992.??.??"]
[Round "6"]
[White "Rodriguez Cespedes, Amador"]
[Black "Calderin, Roberto"]
[Result "0-1"]
[WhiteElo "2495"]
[BlackElo "2415"]
[EventDate "1992.05.??"]
[PlyCount "68"]

1.e4 g6 2.d4 Bg7 3.Nc3 d6 4.Be3 c6 5.a4 Nf6 6.h3 Qa5 7.Bd3 Nbd7 8.Ne2 O-O 
9.O-O e5 10.f4 exd4 11.Bxd4 Nc5 12.f5 Nfd7 13.Bxg7 Kxg7 14.Bc4 Qc7 15.Qd4+
Ne5 16.Ba2 a5 17.Rad1 b6 18.Nf4 Ba6 19.Rf2 Rad8 20.g4 Kh8 21.f6 Bc8 22.Kh1
Be6 23.Bb1 g5 24.Nd3 Rfe8 25.Qe3 h6 26.Nxe5 dxe5 27.Rfd2 Bc8 28.h4 Bxg4 
29.Rxd8 Rxd8 30.Rg1 Qd7 31.hxg5 Rg8 32.Rg2 Rxg5 33.Rh2 Bh5 34.Rh4 Qd4 0-1

[Event "27th Capablanca Memorial"]
[Site "Matanzas City CUB"]
[Date "1992.??.??"]
[Round "7"]
[White "Rivera, Alberto"]
[Black "Rodriguez Cespedes, Amador"]
[Result "0-1"]
[WhiteElo "2425"]
[BlackElo "2495"]
[EventDate "1992.05.??"]
[PlyCount "112"]

1.d4 Nf6 2.Nf3 e6 3.c4 b6 4.a3 c5 5.dxc5 bxc5 6.Nc3 Bb7 7.Bg5 Be7 8.e3 O-O
9.Be2 d5 10.O-O Nbd7 11.Qc2 Rc8 12.Rfd1 Qb6 13.Rd2 Rfd8 14.Rad1 h6 15.Bh4 
Nf8 16.Ne5 d4 17.exd4 cxd4 18.Na4 Qc7 19.Bg3 Ne4 20.Nf3 Nxg3 21.hxg3 e5 
22.Bd3 g6 23.Re1 Bf6 24.c5 Bg7 25.Rde2 Bxf3 26.gxf3 Ne6 27.Rd2 Kh8 28.b4 
f5 29.Qd1 Ng5 30.Nb2 Qc6 31.Be2 e4 32.fxe4 fxe4 33.Nc4 Rf8 34.Bg4 Rc7 35.
Nd6 h5 36.Bxh5 Nh3+ 37.Kg2 e3+ 38.Bf3 Rxf3 39.Qxf3 Qxf3+ 40.Kxf3 exd2 41.
Rh1 Kg8 42.Ke2 Re7+ 43.Kxd2 Nxf2 44.Rh2 Ne4+ 45.Nxe4 Rxe4 46.Kd3 Re3+ 47.
Kc4 Rxa3 48.Kd5 Rc3 49.c6 d3 50.Kd6 Bd4 51.Kd7 Bb6 52.g4 Rc4 53.Rd2 Rd4+ 
54.Kc8 Rxg4 55.Rxd3 Rxb4 56.Rc3 Rf4 0-1

[Event "27th Capablanca Memorial"]
[Site "Matanzas City CUB"]
[Date "1992.??.??"]
[Round "7"]
[White "Gonzalez Rodriguez, Jorge"]
[Black "Pupo, Emilio"]
[Result "0-1"]
[WhiteElo "2420"]
[BlackElo "2395"]
[EventDate "1992.05.??"]
[PlyCount "72"]

1.c4 g6 2.Nc3 Bg7 3.g3 e5 4.Bg2 d6 5.e3 f5 6.d3 Nf6 7.Nge2 O-O 8.b4 c6 9.
f4 exf4 10.gxf4 Ng4 11.h3 Qh4+ 12.Kd2 Nh6 13.Bb2 Re8 14.Qe1 Qe7 15.Qf2 d5 
16.cxd5 Qxb4 17.Rab1 cxd5 18.Ba1 Qa5 19.Bxd5+ Nf7 20.Bxb7 Bxb7 21.Rxb7 Nc6
22.Qf3 Qa6 23.Rhb1 Rad8 24.Nc1 Na5 25.Rc7 Nc4+ 26.Ke2 Rxe3+ 27.Qxe3 Nxe3 
28.Rbb7 Bxc3 29.Bxc3 Nd5 30.Rxf7 Qe6+ 31.Kf1 Qxf7 32.Rxf7 Kxf7 33.Be5 Rc8 
34.Nb3 Rc2 35.a4 Rh2 36.Bb8 Rb2 0-1

[Event "27th Capablanca Memorial"]
[Site "Matanzas City CUB"]
[Date "1992.??.??"]
[Round "7"]
[White "Amura, Claudia"]
[Black "Diaz Diaz, Joaquin"]
[Result "1/2-1/2"]
[WhiteElo "2355"]
[BlackElo "2455"]
[EventDate "1992.05.??"]
[PlyCount "103"]

1.d4 d5 2.c4 e6 3.Nc3 Be7 4.Bf4 Nf6 5.e3 O-O 6.Nf3 c5 7.dxc5 Bxc5 8.a3 Nc6
9.b4 Bd6 10.Bxd6 Qxd6 11.cxd5 exd5 12.Be2 Bg4 13.O-O Rac8 14.Rc1 Rcd8 15.
Nb5 Qe7 16.Nfd4 Nxd4 17.Nxd4 Bxe2 18.Qxe2 Rc8 19.Rc2 a5 20.Rb1 axb4 21.
axb4 Ne4 22.Qd3 Rc4 23.Rbc1 Rxc2 24.Nxc2 Rc8 25.Rd1 Qf6 26.f3 Nc3 27.Ra1 
Qd6 28.Ra3 Qc7 29.Nd4 g6 30.h3 Qg3 31.Ra1 Qd6 32.Nc2 Qb6 33.Ra5 h5 34.Kf1 
Qd6 35.Qd4 b6 36.Ra1 Qh2 37.Qd3 Kh7 38.Ne1 Qe5 39.Ra7 Kg8 40.Qa6 Rc6 41.
Qb7 Qf6 42.Ra8+ Kg7 43.Qb8 Kh6 44.Ra7 Re6 45.Nc2 Nd1 46.Qf8+ Qg7 47.Qxf7 
Qxf7 48.Rxf7 Nxe3+ 49.Nxe3 Rxe3 50.Rf6 Rb3 51.Rxb6 Rb2 52.Rd6 1/2-1/2

[Event "27th Capablanca Memorial"]
[Site "Matanzas City CUB"]
[Date "1992.??.??"]
[Round "7"]
[White "Hernandez, Gilberto"]
[Black "Sisniega Campbell, Marcel"]
[Result "1/2-1/2"]
[WhiteElo "2495"]
[BlackElo "2525"]
[EventDate "1992.05.??"]
[PlyCount "92"]

1.d4 Nf6 2.Nf3 g6 3.c4 Bg7 4.Nc3 d5 5.cxd5 Nxd5 6.e4 Nxc3 7.bxc3 c5 8.Be2 
Nc6 9.d5 Bxc3+ 10.Bd2 Bxa1 11.Qxa1 Nd4 12.Nxd4 cxd4 13.Qxd4 O-O 14.Bh6 
Qa5+ 15.Kf1 f6 16.Bxf8 Kxf8 17.f3 Bd7 18.Kf2 Rc8 19.Rb1 Rc2 20.Rb2 Rxb2 
21.Qxb2 Qc5+ 22.Kg3 b5 23.a3 a5 24.h4 b4 25.axb4 axb4 26.Bd1 Bb5 27.Bb3 
Qe3 28.Qa2 Kg7 29.Kh2 Be2 30.Qc2 Kh6 31.d6 exd6 32.Bd5 Qf4+ 33.Kg1 Qe3+ 
34.Kh2 Qf4+ 35.Kg1 Bxf3 36.Qf2 Qc1+ 37.Kh2 Qf4+ 38.Kg1 Qc1+ 39.Kh2 Bxg2 
40.Kxg2 Qc3 41.Qf4+ Kg7 42.Qxd6 b3 43.Qd7+ Kh6 44.Bg8 Qc2+ 45.Kf3 Qc3+ 46.
Kg2 Qc2+ 1/2-1/2

[Event "27th Capablanca Memorial"]
[Site "Matanzas City CUB"]
[Date "1992.??.??"]
[Round "8"]
[White "Rodriguez Cespedes, Amador"]
[Black "Gonzalez Rodriguez, Jorge"]
[Result "1-0"]
[WhiteElo "2495"]
[BlackElo "2420"]
[EventDate "1992.05.??"]
[PlyCount "83"]

1.e4 e6 2.d4 d5 3.Nc3 Bb4 4.e5 b6 5.Bd2 Qd7 6.Bb5 c6 7.Ba4 a5 8.a3 Bf8 9.
Nce2 b5 10.Bb3 c5 11.c3 Nc6 12.f4 f5 13.Nf3 Nh6 14.dxc5 Bxc5 15.Ned4 Ba6 
16.Be3 Nxd4 17.Nxd4 O-O 18.h3 b4 19.axb4 axb4 20.cxb4 Bxb4+ 21.Kf2 Bc5 22.
Nxe6 Bxe3+ 23.Kxe3 Rfb8 24.Nc5 Qb5 25.Qxd5+ Kh8 26.Rxa6 Rxa6 27.Bc4 Qb6 
28.Bxa6 Rd8 29.Qc4 Qxb2 30.Kf3 g5 31.Nd3 g4+ 32.Kg3 Qb6 33.Nc5 gxh3 34.e6 
Qb2 35.Kxh3 Rg8 36.Qe2 Qa3+ 37.Bd3 Qxc5 38.Rd1 Re8 39.Qb2+ Kg8 40.Qf6 Qf8 
41.Qg5+ Qg7 42.e7 1-0

[Event "27th Capablanca Memorial"]
[Site "Matanzas City CUB"]
[Date "1992.??.??"]
[Round "8"]
[White "Becerra Rivero, Julio"]
[Black "Nogueiras Santiago, Jesus"]
[Result "0-1"]
[WhiteElo "2370"]
[BlackElo "2550"]
[EventDate "1992.05.??"]
[PlyCount "88"]

1.e4 Nf6 2.e5 Nd5 3.d4 d6 4.Nf3 Bg4 5.Be2 e6 6.O-O Be7 7.c4 Nb6 8.Nbd2 Nc6
9.b3 dxe5 10.dxe5 Nd7 11.Bb2 O-O 12.a3 a5 13.Re1 Nc5 14.Qc2 Bf5 15.Qc3 Nd3
16.Red1 Nxb2 17.Qxb2 Qb8 18.Nf1 Rd8 19.Ng3 Bg6 20.h4 h6 21.h5 Bh7 22.Ne1 
Bc5 23.Rxd8+ Qxd8 24.Nf3 Qe7 25.a4 Rd8 26.Rd1 Rxd1+ 27.Bxd1 Nb4 28.Be2 Qd7
29.Qc3 b6 30.Nf1 Nd3 31.Bxd3 Qxd3 32.Qxd3 Bxd3 33.g4 Bc2 34.N1d2 Bb4 35.
Kf1 Bd1 36.Kg2 Bxd2 37.Nxd2 Bxg4 38.c5 Bxh5 39.cxb6 cxb6 40.f3 Bg6 41.Nc4 
Bc2 42.b4 axb4 43.Nxb6 Bd3 44.a5 Bb5 0-1

[Event "27th Capablanca Memorial"]
[Site "Matanzas City CUB"]
[Date "1992.??.??"]
[Round "8"]
[White "Calderin, Roberto"]
[Black "Rivera, Alberto"]
[Result "1-0"]
[WhiteElo "2415"]
[BlackElo "2425"]
[EventDate "1992.05.??"]
[PlyCount "77"]

1.d4 Nf6 2.Bg5 e6 3.e4 h6 4.Bxf6 Qxf6 5.Nf3 d6 6.Nbd2 Nd7 7.c3 Qd8 8.Bd3 
Be7 9.O-O e5 10.Qe2 c6 11.a4 Qc7 12.a5 O-O 13.Bc4 Bf6 14.d5 a6 15.Rfd1 Rd8
16.Ba2 Be7 17.Nc4 Rb8 18.dxc6 bxc6 19.Rd2 Bb7 20.Rad1 Nf6 21.Nb6 c5 22.Bb1
Bf8 23.Bd3 Qc6 24.Re1 g6 25.Rdd1 h5 26.Nd2 Bh6 27.Ndc4 Kg7 28.f3 Rf8 29.
Bc2 Rbd8 30.Rd3 Rfe8 31.Red1 Re6 32.Bb3 h4 33.Qe1 Bg5 34.Ne3 Nh5 35.Bxe6 
fxe6 36.Nbc4 d5 37.exd5 exd5 38.Rxd5 Rxd5 39.Nxd5 1-0

[Event "27th Capablanca Memorial"]
[Site "Matanzas City CUB"]
[Date "1992.??.??"]
[Round "8"]
[White "Lima, Darcy"]
[Black "Amura, Claudia"]
[Result "1/2-1/2"]
[WhiteElo "2440"]
[BlackElo "2355"]
[EventDate "1992.05.??"]
[PlyCount "45"]

1.d4 d5 2.c4 e6 3.Nc3 Be7 4.Nf3 Nf6 5.g3 O-O 6.Bg2 Nbd7 7.cxd5 exd5 8.O-O 
c6 9.a3 a5 10.Bg5 Ne8 11.Bxe7 Qxe7 12.e3 Nd6 13.b4 axb4 14.axb4 Rxa1 15.
Qxa1 b5 16.Qb2 Nc4 17.Qb3 Ndb6 18.Ra1 Bg4 19.Ra2 Bxf3 20.Bxf3 f5 21.h4 Qb7
22.Bd1 Ra8 23.Kg2 1/2-1/2

[Event "27th Capablanca Memorial"]
[Site "Matanzas City CUB"]
[Date "1992.??.??"]
[Round "8"]
[White "Pupo, Emilio"]
[Black "Hernandez, Gilberto"]
[Result "1/2-1/2"]
[WhiteElo "2395"]
[BlackElo "2495"]
[EventDate "1992.05.??"]
[PlyCount "56"]

1.e4 c5 2.Nf3 Nc6 3.d4 cxd4 4.Nxd4 g6 5.c4 Nf6 6.Nc3 d6 7.Be2 Nxd4 8.Qxd4 
Bg7 9.O-O O-O 10.Qd3 Nd7 11.Bg5 Nc5 12.Qe3 Bd7 13.Bh6 Bxh6 14.Qxh6 Bc6 15.
Bf3 Qb6 16.Qd2 Qb4 17.Qe2 e5 18.Bg4 a5 19.Rad1 a4 20.a3 Qa5 21.Rxd6 Nb3 
22.Rd3 Qc5 23.Rh3 Rad8 24.Nd5 b5 25.Rc3 bxc4 26.Qe3 Qxe3 27.fxe3 Bb5 28.
Rc2 Kg7 1/2-1/2

[Event "27th Capablanca Memorial"]
[Site "Matanzas City CUB"]
[Date "1992.??.??"]
[Round "8"]
[White "Urday Caceres, Henry"]
[Black "Diaz Diaz, Joaquin"]
[Result "0-1"]
[WhiteElo "2480"]
[BlackElo "2455"]
[EventDate "1992.05.??"]
[PlyCount "166"]

1.c4 e6 2.Nf3 d5 3.b3 Nf6 4.g3 Be7 5.Bg2 O-O 6.O-O c5 7.e3 Nc6 8.d3 e5 9.
cxd5 Nxd5 10.Bb2 f6 11.a3 Be6 12.Nbd2 Qd7 13.Qe2 Nc7 14.Rab1 Rad8 15.Ne1 
Bg4 16.f3 Bf5 17.Ne4 Be6 18.Qc2 b6 19.f4 exf4 20.gxf4 Nd5 21.Bc1 f5 22.Nc3
Rf6 23.Nd1 Rg6 24.Nf3 Nc7 25.Nf2 Bd5 26.Kh1 Ne6 27.Bb2 Bf6 28.Bxf6 Rxf6 
29.Rg1 Qb7 30.Qd1 Rg6 31.Ne1 Bxg2+ 32.Rxg2 Rxg2 33.Nxg2 Ne7 34.Qe2 Ng6 35.
Kg1 Re8 36.Qd2 Rd8 37.Qe2 Qa6 38.Qa2 Kh8 39.b4 Qc8 40.Rc1 Qd7 41.Qc4 Ne7 
42.b5 Nd5 43.Re1 Qe7 44.Nd1 Qf6 45.Qb3 Qg6 46.Nb2 Qf6 47.Nc4 g5 48.fxg5 
Nxg5 49.Rf1 Rg8 50.Qb2 Qxb2 51.Nxb2 Ne6 52.Nc4 f4 53.Kf2 fxe3+ 54.Ngxe3 
Rf8+ 55.Ke1 Rxf1+ 56.Kxf1 Nc3 57.Nd6 Nd4 58.Nc8 Ndxb5 59.Nc4 Kg7 60.Ke1 
Kf6 61.Kd2 Na4 62.N4d6 Nxd6 63.Nxd6 a6 64.Ke3 Ke5 65.Nf7+ Kf5 66.d4 h5 67.
Nd6+ Kg4 68.Ne4 cxd4+ 69.Kxd4 h4 70.Ke3 Kh3 71.Kf3 Kxh2 72.Kg4 Kg2 73.Kxh4
Kf3 74.Nd6 Ke3 75.Kg4 Kd4 76.Kf4 Kc3 77.Ke4 Kb3 78.Kd5 Kxa3 79.Kc6 Kb4 80.
Kb7 a5 81.Kc6 Nc3 82.Nf5 a4 83.Nd4 b5 0-1

[Event "27th Capablanca Memorial"]
[Site "Matanzas City CUB"]
[Date "1992.??.??"]
[Round "8"]
[White "Sisniega Campbell, Marcel"]
[Black "Gonzalez Bautista, Juan"]
[Result "0-1"]
[WhiteElo "2525"]
[BlackElo "2380"]
[EventDate "1992.05.??"]
[PlyCount "70"]

1.e4 c5 2.Nf3 e6 3.d4 cxd4 4.Nxd4 a6 5.Nc3 Qc7 6.f4 b5 7.Bd3 Bb7 8.Qe2 Nc6
9.Nf3 Bc5 10.e5 f5 11.Be3 Bxe3 12.Qxe3 Nge7 13.O-O-O Nb4 14.Rhg1 Rc8 15.
Ne1 Qa5 16.Qd4 Ned5 17.Nxd5 Nxa2+ 18.Kb1 Bxd5 19.c3 b4 20.c4 b3 21.Be2 Nb4
22.g4 Be4+ 23.Bd3 Bxd3+ 24.Rxd3 Nxd3 25.Nxd3 fxg4 26.c5 O-O 27.Rg2 Rc7 28.
Qd6 h5 29.Kc1 Rxf4 30.Kd1 Rf3 31.Rg3 Rxc5 32.Rxf3 Qa1+ 33.Kd2 Rc2+ 34.Ke3 
gxf3 35.Nf4 Qe1+ 0-1

[Event "27th Capablanca Memorial"]
[Site "Matanzas City CUB"]
[Date "1992.??.??"]
[Round "9"]
[White "Rivera, Alberto"]
[Black "Urday Caceres, Henry"]
[Result "0-1"]
[WhiteElo "2425"]
[BlackElo "2480"]
[EventDate "1992.05.??"]
[PlyCount "58"]

1.d4 d6 2.Nf3 Bg4 3.Nbd2 Nd7 4.h3 Bh5 5.g4 Bg6 6.Nh4 e6 7.Nxg6 hxg6 8.Bg2 
c6 9.c4 d5 10.Qb3 Qc7 11.e3 Ngf6 12.Qc2 O-O-O 13.cxd5 Nxd5 14.a3 c5 15.
dxc5 Nxc5 16.Ke2 Qc6 17.Kf1 Kb8 18.Qc4 Rc8 19.b4 Na4 20.Qxc6 Rxc6 21.Nb3 
Be7 22.e4 Nc7 23.e5 Rc3 24.Na5 Nd5 25.Bd2 Rc2 26.Ke1 Bh4 27.Rf1 Rhc8 28.
Be4 Rb2 29.Bc1 Ra2 0-1

[Event "27th Capablanca Memorial"]
[Site "Matanzas City CUB"]
[Date "1992.??.??"]
[Round "9"]
[White "Gonzalez Bautista, Juan"]
[Black "Pupo, Emilio"]
[Result "1-0"]
[WhiteElo "2380"]
[BlackElo "2395"]
[EventDate "1992.05.??"]
[PlyCount "79"]

1.d4 Nf6 2.c4 g6 3.Nc3 Bg7 4.e4 O-O 5.Bd3 d6 6.Nge2 c5 7.d5 e6 8.O-O exd5 
9.cxd5 Re8 10.h3 a6 11.a4 Nbd7 12.f4 Rb8 13.Ng3 c4 14.Bxc4 b5 15.axb5 axb5
16.Bd3 Nc5 17.Qf3 b4 18.Nd1 h5 19.e5 dxe5 20.fxe5 Rxe5 21.Bc4 Re8 22.Bg5 
Ncd7 23.Ne3 Qb6 24.Kh1 Bb7 25.Ngf5 gxf5 26.Nxf5 Ne5 27.Qg3 Ne4 28.Qh4 Nxg5
29.Qxg5 Qg6 30.Qf4 Nxc4 31.Qxc4 Rbc8 32.Qb5 Ba8 33.Ra7 Rcd8 34.Re7 Rf8 35.
Re3 Kh8 36.Qe2 Rxd5 37.Ne7 Qg5 38.Rf2 Re5 39.Rxe5 Qxe5 40.Ng6+ 1-0

[Event "27th Capablanca Memorial"]
[Site "Matanzas City CUB"]
[Date "1992.??.??"]
[Round "9"]
[White "Nogueiras Santiago, Jesus"]
[Black "Sisniega Campbell, Marcel"]
[Result "0-1"]
[WhiteElo "2550"]
[BlackElo "2525"]
[EventDate "1992.05.??"]
[PlyCount "119"]

1.Nf3 Nf6 2.g3 d5 3.Bg2 c6 4.b3 Bg4 5.Bb2 Nbd7 6.O-O e6 7.c4 Bd6 8.d4 O-O 
9.Nbd2 Qe7 10.Re1 Ne4 11.Nxe4 dxe4 12.Nd2 f5 13.f3 exf3 14.exf3 Bh5 15.c5 
Bc7 16.Nc4 Rae8 17.Ba3 Qf6 18.Nd6 Bxd6 19.cxd6 f4 20.Qd2 Qg6 21.Qf2 Qg5 
22.g4 Bg6 23.Rac1 Qa5 24.Qb2 h5 25.h3 hxg4 26.hxg4 e5 27.Bc5 e4 28.Qc3 
Qxc3 29.Rxc3 e3 30.Bf1 Rf6 31.Be2 Bf7 32.a4 a6 33.Bd3 Rh6 34.Kg2 Be6 35.
Rcc1 Kf7 36.Rh1 Rxh1 37.Rxh1 b6 38.Ba3 Bxb3 39.a5 b5 40.g5 Bd5 41.Bb4 c5 
42.dxc5 Ne5 43.Be2 Kg6 44.Bc3 Bc6 45.Rd1 Nd7 46.Bd4 Kxg5 47.Bxg7 Rg8 48.
Bd4 Kf5+ 49.Kf1 Ne5 50.Bxe5 Kxe5 51.d7 Rd8 52.Rd6 Bxd7 53.Ke1 b4 54.Bxa6 
b3 55.Bd3 b2 56.Bb1 Rh8 57.Rxd7 Rh1+ 58.Ke2 Rxb1 59.Rb7 Rh1 60.c6 0-1

[Event "27th Capablanca Memorial"]
[Site "Matanzas City CUB"]
[Date "1992.??.??"]
[Round "9"]
[White "Gonzalez Rodriguez, Jorge"]
[Black "Calderin, Roberto"]
[Result "0-1"]
[WhiteElo "2420"]
[BlackElo "2415"]
[EventDate "1992.05.??"]
[PlyCount "114"]

1.c4 e6 2.d4 d5 3.Nc3 Nf6 4.Bg5 Nbd7 5.cxd5 exd5 6.e3 Bb4 7.Bd3 O-O 8.Ne2 
b6 9.Qc2 h6 10.Bh4 c5 11.O-O-O Bb7 12.dxc5 bxc5 13.Bf5 Qa5 14.Rhg1 Rfe8 
15.a3 Bxc3 16.Nxc3 Nb6 17.g4 g5 18.Bg3 Bc6 19.h4 Na4 20.hxg5 Nxc3 21.Qxc3 
Qxc3+ 22.bxc3 hxg5 23.Bd6 c4 24.Bc5 Ne4 25.Bd4 f6 26.Rg2 Kg7 27.Rh1 Rh8 
28.Rxh8 Rxh8 29.f3 Nd6 30.Bxa7 Rh1+ 31.Kb2 Nxf5 32.gxf5 Kf7 33.Bd4 Bd7 34.
Re2 Bxf5 35.a4 Bd3 36.Rg2 Ke6 37.a5 Rb1+ 38.Ka3 Bg6 39.f4 Rb3+ 40.Ka2 Bb1+
41.Ka1 Be4 42.f5+ Kd7 43.Rf2 Ra3+ 44.Kb2 Rxa5 45.Bxf6 g4 46.Be5 Ra8 47.f6 
Ke6 48.Bg3 Bf3 49.Rh2 Kxf6 50.Kc1 Kf5 51.Kd2 Ke4 52.Bf4 Ra2+ 53.Ke1 Ra3 
54.Kd2 Bg2 55.Rh5 Ra2+ 56.Ke1 Kd3 57.Be5 Re2+ 0-1

[Event "27th Capablanca Memorial"]
[Site "Matanzas City CUB"]
[Date "1992.??.??"]
[Round "9"]
[White "Diaz Diaz, Joaquin"]
[Black "Lima, Darcy"]
[Result "0-1"]
[WhiteElo "2455"]
[BlackElo "2440"]
[EventDate "1992.05.??"]
[PlyCount "75"]

1.e4 e6 2.d4 d5 3.Nc3 Nf6 4.e5 Ne4 5.Nxe4 dxe4 6.Be3 c5 7.dxc5 Nd7 8.Qd4 
Bxc5 9.Qxe4 Bxe3 10.Qxe3 Qa5+ 11.c3 Nxe5 12.Be2 O-O 13.f4 Ng6 14.Nf3 e5 
15.fxe5 Re8 16.Bc4 Nxe5 17.O-O-O Bf5 18.Nxe5 Rxe5 19.Qd4 Rae8 20.Rhf1 Bg6 
21.Qd7 R5e7 22.Qd5 Qc7 23.Bb5 Rc8 24.Qd6 Qa5 25.Bd3 Re6 26.Qd4 Rd8 27.Qf4 
Rf6 28.Qe3 Rxf1 29.Bxf1 Rxd1+ 30.Kxd1 h6 31.a3 Qf5 32.Bc4 Qc2+ 33.Ke1 Qb1+
34.Kf2 Qxb2+ 35.Kg1 Qxa3 36.h3 b6 37.Kh1 Qc5 38.Qe2 0-1

[Event "27th Capablanca Memorial"]
[Site "Matanzas City CUB"]
[Date "1992.??.??"]
[Round "9"]
[White "Hernandez, Gilberto"]
[Black "Rodriguez Cespedes, Amador"]
[Result "1/2-1/2"]
[WhiteElo "2495"]
[BlackElo "2495"]
[EventDate "1992.05.??"]
[PlyCount "101"]

1.d4 Nf6 2.c4 e6 3.Nf3 b6 4.a3 Bb7 5.Nc3 d5 6.cxd5 Nxd5 7.e3 Nf6 8.Bd3 c5 
9.O-O Nbd7 10.Qe2 cxd4 11.exd4 Be7 12.Bd2 O-O 13.Rad1 Qc7 14.Rc1 Qb8 15.
Bb1 Bd6 16.Rfe1 Bf4 17.Ne5 Bxd2 18.Qxd2 Qd6 19.Qf4 Rad8 20.Qh4 Rfe8 21.Re3
g6 22.Rce1 Nh5 23.Be4 Nxe5 24.dxe5 Qe7 25.Qxe7 Rxe7 26.g3 Ba6 27.Bf3 Ng7 
28.g4 Ne8 29.Ne4 Kg7 30.g5 h6 31.h4 Rd4 32.Rc3 Bb7 33.Kg2 Bxe4 34.Bxe4 Nc7
35.Kf3 Nd5 36.Rc8 Rd7 37.gxh6+ Kxh6 38.h5 Ne7 39.Re8 gxh5 40.Rh8+ Kg7 41.
Rh7+ Kf8 42.Rh8+ Kg7 43.Rxh5 Rd1 44.Rh7+ Kg8 45.Rhh1 Rxe1 46.Rxe1 Rd2 47.
Re2 Rxe2 48.Kxe2 Kg7 49.Ke3 Kh6 50.f4 Kh5 51.Kf3 1/2-1/2

[Event "27th Capablanca Memorial"]
[Site "Matanzas City CUB"]
[Date "1992.??.??"]
[Round "10"]
[White "Pupo, Emilio"]
[Black "Nogueiras Santiago, Jesus"]
[Result "1/2-1/2"]
[WhiteElo "2395"]
[BlackElo "2550"]
[EventDate "1992.05.??"]
[PlyCount "73"]

1.e4 b6 2.d4 Bb7 3.Nd2 e6 4.Ngf3 c5 5.c3 cxd4 6.cxd4 Nf6 7.Bd3 Be7 8.O-O 
Ba6 9.Qe2 Bxd3 10.Qxd3 d5 11.e5 Nfd7 12.Re1 Nc6 13.Nf1 Nb4 14.Qe2 O-O 15.
a3 Nc6 16.Bd2 Na5 17.Bb4 Rc8 18.Qd3 Bxb4 19.axb4 Nc6 20.Ra4 a5 21.bxa5 
bxa5 22.Ne3 Nb6 23.Raa1 Nb4 24.Qb5 Nc4 25.Nxc4 Rxc4 26.Rxa5 Nc6 27.Ra4 Qb8
28.Qxb8 Rxb8 29.Rxc4 dxc4 30.Re2 h6 31.Rc2 c3 32.Rxc3 Rxb2 33.g3 Ne7 34.
Rd3 Nd5 35.Kg2 g5 36.h3 Kg7 37.Nd2 1/2-1/2